Nommez une écurie de F1 Valide A-Z - Statistiques

Statistiques générales
  • Ce quiz a été pris 229 fois
  • Le résultat moyen est 14 sur 26
Statistiques - réponses
Lettres Nombres Réponses % Correct
Q 0 N/A
99%
U 0 N/A
99%
X 0 N/A
99%
Y 0 N/A
99%
A 17 ATS | Adams | AFM | AGS | Alfa Romeo | Alfa Special | AlphaTauri | Alpine | Alta | Amon | Andrea Moda | Apollon | Arrows | Arzani Volpini | Aston | Aston Martin | A-T-S
98%
F 9 Ferguson | Ferrari | Fittipaldi | Fondmetal | Footwork | Force India |Forti | Frazer Nash | Fry
96%
M 22 Maki | Manor | March | Marchese | Martini | Marussia | Maserati |Maserati Milano | Matra | MBM | McGuire | Mclaren | Mercedes | Merzario | Meskowski | Meyer | Midland | Miller | Minardi | Monteverdi | Moore | MSM
94%
R 13 R Miller | Racing Point | Rae | RAM | RAM March | Rassey | RB | Realpha |Rebaque | Red Bull | Renault | Rial | Rounds Rocket
92%
H 8 Haas | Hall | Hesketh | Hill | Hillegass | Honda | HRT | HWM
76%
B 14 BAR | Bardazon | Bellasi | Benetton | Berta | BMW | BMW Sauber |Boro | Brabham | Brawn GP | BRM | Bromme | BRP | Bugatti
74%
W 6 Watson | Watts | Weidel | Wetteroth | Williams | Wolf
69%
S 23 Sauber | Scarab | Schroeder | Scirocco | Scopa | Shadow | Shannon |Sherman | Shilala | Silnes | Simca Gordini | Simtek | Snowberger | Spirit | Spyker | Stebro | Stevens | Stewart | Super Aguri | Surtees | Sutton | SVA | Szalai
65%
L 13 Lamborghini | Lancia | Langley | Larrousse | LDS | LEC | Lesovsky | Leyton House | Life | Ligier | Lola | Lotus | Lyncar
64%
T 15 Talbot Lago | Talbot-Darracacq | Тес Мес | Tecno | Templeton |Theodore | Token | Toleman | Toro Rosso | Toyota | Trevis | Trojan | Trussardi | Turner | Tyrrell
56%
P 9 Pacific | Pankratz | Parnelli | Pawl | Penske | Phillips | Politoys | Porsche| Prost
51%
J 4 Jaguar | JBW | Johnson | Jordan
49%
C 13 Cantarano | Caterham | Christensen | Christy | Cisitalia | Clemons |Coloni | Connaught | Connew | Cooper | Copersucar | Cornis | Cosworth
24%
V 5 Vanwall | Venturi | Veritas | Virgin | Voelker
16%
K 8 Kauhsen | Kick Sauber | Klenk | Koehnle | Kojima | Kupiec | Kurtis Kraft |Kuzma
11%
D 5 Dallara | De Tomaso | Deidt | Del Roy | Dunn
9%
E 13 Eagle | Eifelland March | Ekström | EL | Elder | Emeryson | EMW | ENBEnsign | Epperly | ERA | Eurobrun | Ewing
8%
Z 1 Zakspeed
6%
O 4 Olson | Onyx | OSCA | Osella
5%
G 4 Gdula | Gerhardt | Gilby | Gordini
3%
I 1 Iso-Marlboro
3%
N 1 Nichels
2%
Aucun quiz correspondant
Distribution des résultats
% des personnes avec chaque résultat
Percentile par nombre de réponses
Votre historique - résultats
Vous n’avez pas pris ce quiz